00305nam a22001097a 4500020001500000082001400015100002300029245006800052260004000120300001000160650002500170 a0860372197 a297.1 ALA aAl-Ahsan, Abdullah aUmmah or NAtion? Identity Crisis In Contemporary Muslim Society aU.S.AbThe Islamic Foundationc1992 a158 P aIslam - 20th Century